000 00499nam a2200181Ia 4500
008 090123s9999 xx 000 0 und d
082 _b754
_a891.463/शहाणे
100 _aशहाणे मनोहर
245 _aझाकोळ
250 _a1
260 _bभागवत वा.पु.
300 _a164
600 _aशहाणे मनोहर
630 _aझाकोळ
700 _aशहाणे मनोहर
730 _aझाकोळ
942 _cBOOK
999 _c38841
_d38841